Top 50 Marvel Superer Heroes! - Statistics

General Stats
  • This quiz has been taken 156 times
  • The average score is 35 of 50
Answer Stats
# Alias Answer % Correct
2 Peter Parker Spider-Man
100%
7 God Of Thunder Thor
100%
1 Steve Rogers Captain America
99%
6 Bruce Banner Hulk
99%
4 Tony Stark Iron Man
99%
8 Natasha Romanoff Black Widow
97%
22 Peter Quill Star-Lord
96%
3 Logan Wolverine
96%
37 T'Challa Black Panther
95%
18 Carol Danvers Captain Marvel
95%
23 Raccoon Rocket
95%
39 Scott Lang Ant-Man
94%
38 Stephen Strange Doctor Strange
94%
49 Wanda Maximoff Scarlet Witch
94%
5 Wade Wilson Deadpool
93%
13 Clint Barton Hawkeye
93%
15 Sam Wilson Falcon
89%
29 Talking Tree Groot
89%
9 Johnny Storm Human Torch
85%
48 Pietro Maximoff Quicksilver
85%
12 Matt Murdock Daredevil
84%
25 GF Of #22 Gamora
84%
24 The Destroyer Drax
83%
26 Reed Richards Mr. Fantastic
83%
43 Gwen Stacy Spider-Girl
82%
40 Hope Van Dyne Wasp
82%
50 BF of #49 Vision
80%
27 Susan Storm Invisible Woman
79%
28 Ben Grimm Thing
79%
10 Scott Summers Cyclops
75%
20 Kamala Khan Ms. Marvel
75%
14 Frank Castle Punisher
72%
21 Johnny Blaze Ghostrider
67%
16 Bobby Drake Iceman
60%
30 GF Of 24 Mantis
57%
42 Marc Spector Moon Knight
54%
17 Remy LeBeau Gambit
52%
34 Jubilation Lee Jubilee
50%
47 Norinn Radd Silver Surfer
46%
46 Blackagar Boltagon Black Bolt
44%
19 Anna Marie Rogue
44%
11 Marvel Girl Jean Grey
39%
31 Laura Kinney X-23
29%
36 Brian Braddock Captain Britain
25%
45 Sister Of Medusa Crystal
25%
35 Betsy Braddock Psylocke
25%
41 Daisy Johnson Quake
24%
32 Simon Williams Wonder Man
23%
33 Roberto De Costa Sunspot
19%
44 Bobbi Morse Mocking Bird
17%
No matching quizzes found
Score Distribution
Percent of People with Each Score
Percentile by Number Answered
Your Score History
You have not taken this quiz